| 000 | 00770nam a2200277Ia 4500 | ||
|---|---|---|---|
| 003 | OSt | ||
| 005 | 20220912151546.0 | ||
| 006 | a|||||r|||| 00| 0 | ||
| 007 | ta | ||
| 008 | 220909b |||||||| |||| 00| 0 eng d | ||
| 024 | _a19104 | ||
| 037 | _cTextual | ||
| 040 |
_aCSL _beng _cCSL |
||
| 041 | _aeng | ||
| 082 | _aY7143un41,N81, M2 | ||
| 100 | _aRukang Wu | ||
| 245 | 0 | _aRecent advances of Chinese palaeoanthropology | |
| 260 |
_aHong _bKong University Press _c1982 |
||
| 300 |
_a36p. _ccm. |
||
| 490 | _aHong Kong university press, ocastional papers series; 2 | ||
| 500 | _aBibliography 36p | ||
| 650 | _a Paleolithic | ||
| 650 | _aAnthropology | ||
| 942 |
_hY7143un41,N81, M2 _cTEXL _2CC |
||
| 999 |
_c71301 _d71301 |
||